[Event "TUR-chT2"]
[Site "Konya"]
[Date "2011.07.06"]
[Round "4"]
[White "Yalim, Suleyman"]
[Black "Gurel, Ahmet Unal"]
[Result "1-0"]
[WhiteElo "2129"]
[BlackElo "2019"]
[PlyCount "99"]
[EventDate "2011.07.04"]
[EventType "team-swiss"]
[EventRounds "9"]
[EventCountry "TUR"]
[SourceTitle "CBM 143 Extra"]
[Source "ChessBase"]
[SourceDate "2011.08.29"]
[SourceVersion "1"]
[SourceVersionDate "2011.08.29"]
[SourceQuality "1"]
[WhiteTeam "Kahramanmaras Belediye"]
[BlackTeam "Mersin Akdeniz Belediyesi"]
[WhiteTeamCountry "TUR"]
[BlackTeamCountry "TUR"]

1. e4 e5 2. Nf3 Nc6 3. Bb5 a6 4. Ba4 Nf6 5. 0-0 Be7 6. Re1 b5 7. Bb3 d6 8. c3 0-0 9. h3 Na5 10. Bc2 c5 11. d4 Nd7 12. Nbd2 exd4 13. cxd4 Nc6 14. Nf1 Bf6 15. Be3 Qb6 16. e5 cxd4 17. Nxd4 dxe5 18. Ne6 Nd4 19. Nxf8 Nxf8 20. Ng3 g6 21. Bxd4 exd4 22. Re8 Bb7 23. Rxa8 Bxa8 24. Be4 Bxe4 25. Nxe4 Be7 26. Rc1 Ne6 27. Qc2 Kg7 28. Qc6 Qa5 29. Qd5 Qd8 30. Qxd8 Bxd8 31. Kf1 Nf4 32. Rc6 Nd3 33. Rd6 Be7 34. Rxd4 Nxb2 35. Rd7 Bb4 36. Ra7 a5 37. Rb7 Nc4 38. Rxb5 f5 39. Rb7+ Kh6 40. Nf6 Nd6 41. Rxh7+ Kg5 42. Nd5 Bd2 43. Ke2 Ne4 44. f3 Nc3+ 45. Kxd2 Nxd5 46. g3 Nb4 47. h4+ Kf6 48. Ra7 Nxa2 49. Rxa5 Nb4 50. Kc3 1-0

[Event "TUR-ch"]
[Site "Kemer"]
[Date "2011.02.12"]
[Round "9"]
[White "Kart, Melih"]
[Black "Gurel, Ahmet Unal"]
[Result "0-1"]
[WhiteElo "1626"]
[BlackElo "2008"]
[PlyCount "50"]
[EventDate "2011.02.05"]
[EventType "swiss"]
[EventRounds "10"]
[EventCountry "TUR"]
[SourceTitle "CBM 140 Extra"]
[Source "ChessBase"]
[SourceDate "2011.03.01"]
[SourceVersion "1"]
[SourceVersionDate "2011.03.01"]
[SourceQuality "1"]

1. e4 e5 2. Nc3 Nf6 3. g3 d5 4. exd5 Nxd5 5. Bg2 Nxc3 6. bxc3 Bd6 7. Ne2 0-0 8. 0-0 c6 9. d3 Bg4 10. Rb1 Qc7 11. c4 Nd7 12. Bb2 Rae8 13. Qd2 Nc5 14. d4 Na4 15. Ba1 Bxe2 16. dxe5 Bxe5 17. Bxe5 Rxe5 18. Rfe1 Rfe8 19. Qf4 Qe7 20. Bh3 Nc5 21. Qd4 Bf3 22. Rf1 h6 23. Qf4 Qf6 24. Qc1 Ne4 25. Rxb7 Nc3 0-1

[Event "TUR-ch"]
[Site "Kemer"]
[Date "2011.02.08"]
[Round "5"]
[White "Gurel, Ahmet Unal"]
[Black "Keskin, Cengiz"]
[Result "1-0"]
[WhiteElo "2008"]
[BlackElo "1609"]
[PlyCount "71"]
[EventDate "2011.02.05"]
[EventType "swiss"]
[EventRounds "10"]
[EventCountry "TUR"]
[SourceTitle "CBM 140 Extra"]
[Source "ChessBase"]
[SourceDate "2011.03.01"]
[SourceVersion "1"]
[SourceVersionDate "2011.03.01"]
[SourceQuality "1"]

1. e4 Nf6 2. e5 Nd5 3. c4 Nb6 4. c5 Nd5 5. Bc4 c6 6. Nc3 Nxc3 7. bxc3 d5 8. cxd6 exd6 9. Nf3 Qa5 10. exd6 Bxd6 11. Qe2+ Be7 12. 0-0 b5 13. Re1 0-0 14. Qxe7 bxc4 15. Ba3 Qd8 16. Qxf8+ Qxf8 17. Bxf8 Kxf8 18. Re4 Be6 19. Rae1 Nd7 20. Ng5 Bd5 21. Re7 Nf6 22. Rb7 h6 23. Nh3 g5 24. f3 Ne8 25. Reb1 Nd6 26. Rb8+ Rxb8 27. Rxb8+ Kg7 28. Ra8 Nb5 29. a4 Na3 30. Rxa7 Nb1 31. Rb7 Nxd2 32. a5 g4 33. fxg4 Ne4 34. a6 c5 35. Nf4 Nxc3 36. Nxd5 1-0

[Event "Antakya op"]
[Site "Antakya"]
[Date "2010.07.16"]
[Round "3"]
[White "Gurel, Ahmet Unal"]
[Black "Bagaturov, Giorgi"]
[Result "0-1"]
[WhiteElo "2009"]
[BlackElo "2447"]
[PlyCount "58"]
[EventDate "2010.07.15"]
[EventType "swiss"]
[EventRounds "9"]
[EventCountry "TUR"]
[SourceTitle "CBM 137 Extra"]
[Source "ChessBase"]
[SourceDate "2010.09.01"]
[SourceVersion "1"]
[SourceVersionDate "2010.09.01"]
[SourceQuality "1"]

1. c4 e5 2. Nc3 d6 3. g3 g6 4. Bg2 Bg7 5. Nf3 f5 6. 0-0 Nf6 7. d3 0-0 8. Rb1 h6 9. b4 Nc6 10. a4 Be6 11. b5 Ne7 12. Ne1 Rb8 13. Nc2 Qd7 14. a5 g5 15. Ba3 f4 16. c5 d5 17. c6 bxc6 18. bxc6 Nxc6 19. Bxf8 Rxf8 20. a6 Bh3 21. Rb7 Bxg2 22. Kxg2 g4 23. Qd2 Qf7 24. Nb5 Qh5 25. Nxc7 Qh3+ 26. Kg1 f3 27. Ne3 Nd4 28. Re1 fxe2 29. Rxe2 Nf3+ 0-1

[Event "Edirne op"]
[Site "Edirne"]
[Date "2010.07.??"]
[Round "1"]
[White "Bregadze, Levan"]
[Black "Gurel, Ahmet Unal"]
[Result "1-0"]
[WhiteElo "2413"]
[BlackElo "2009"]
[PlyCount "53"]
[EventDate "2010.07.??"]
[EventType "swiss"]
[EventRounds "9"]
[EventCountry "TUR"]
[SourceTitle "EXT 2011"]
[Source "ChessBase"]
[SourceDate "2010.11.26"]
[SourceVersion "1"]
[SourceVersionDate "2010.11.26"]
[SourceQuality "1"]

1. Nf3 Nf6 2. c4 c6 3. g3 d5 4. Bg2 Nbd7 5. d4 e6 6. 0-0 Bd6 7. Nc3 0-0 8. Nd2 Bc7 9. e4 dxe4 10. Ndxe4 h6 11. b3 Nxe4 12. Nxe4 Nf6 13. Bb2 Nxe4 14. Bxe4 Qf6 15. Re1 Bb6 16. Re2 Rd8 17. Rd2 Qg5 18. h4 Qe7 19. Qe2 Bd7 20. Rad1 Be8 21. d5 Bc7 22. Bb1 e5 23. Qe4 g6 24. h5 cxd5 25. cxd5 Bd6 26. hxg6 fxg6 27. Re2 1-0

[Event "Edirne op"]
[Site "Edirne"]
[Date "2010.07.??"]
[Round "5"]
[White "Gurel, Ahmet Unal"]
[Black "Quparadze, Giga"]
[Result "0-1"]
[WhiteElo "2009"]
[BlackElo "2359"]
[PlyCount "55"]
[EventDate "2010.07.??"]
[EventType "swiss"]
[EventRounds "9"]
[EventCountry "TUR"]
[SourceTitle "EXT 2011"]
[Source "ChessBase"]
[SourceDate "2010.11.26"]
[SourceVersion "1"]
[SourceVersionDate "2010.11.26"]
[SourceQuality "1"]

1. c4 Nf6 2. Nf3 c5 3. Nc3 g6 4. g3 b6 5. Bg2 Bb7 6. 0-0 Bg7 7. d4 cxd4 8. Qxd4 0-0 9. Qd2 d6 10. Rb1 Nbd7 11. b3 Ne4 12. Nxe4 Bxe4 13. Ba3 Bxb1 14. Rxb1 Rc8 15. Nd4 Qc7 16. h3 a6 17. Nc6 Nb8 18. Nb4 b5 19. Nd5 Qa7 20. e3 Nc6 21. Rc1 Nb8 22. Qa5 bxc4 23. Nb6 Rc6 24. Nxc4 Rcc8 25. Rd1 Nd7 26. Rd5 Rfd8 27. Rb5 Bc3 28. b4 0-1